000 00322nam a2200133 i 4500
001 bg
245 0 _aAnglo-russkij slovar' po metalloobrabotke i po detaljam maĊĦin.
260 _aMoskwa,
_c1949.
040 _cBPK
041 _apol
080 _a621.78:62-1/-9
942 _cKS
008 s pl f |000 0 pol
999 _c8309
_d8309